The first international symposium on southeast Asian water enviroment (Proceedings) biodiversity and water environment.
Guardado en:
| Formato: | Sách giấy |
|---|---|
| Lenguaje: | Vietnamese |
| Publicado: |
Bangkok, Thailand :
Asian Institute of technology Conference center,
2003.
|
| Materias: | |
| Etiquetas: |
Agregar Etiqueta
Sin Etiquetas, Sea el primero en etiquetar este registro!
|
| Thư viện lưu trữ: | Thư viện Trường Đại học Đà Lạt |
|---|
| LEADER | 00799nam a2200289 4500 | ||
|---|---|---|---|
| 001 | DLU110125764 | ||
| 005 | ##20110926 | ||
| 040 | # | # | |a DLU |b vie |
| 041 | # | # | |a vie |
| 044 | # | # | |a vn |
| 082 | # | # | |a 628.162 |b Fir |
| 245 | # | # | |a The first international symposium on southeast Asian water enviroment (Proceedings) biodiversity and water environment. |
| 260 | # | # | |a Bangkok, Thailand : |b Asian Institute of technology Conference center, |c 2003. |
| 300 | # | # | |a 534 tr. ; |c 30 cm. |
| 650 | # | # | |a Water |x Environmental aspects |z Southeast Asia |v Congresses. |
| 923 | # | # | |a 01/2011MT |
| 991 | # | # | |a GT |
| 992 | # | # | |a 0 |
| 994 | # | # | |a KMT |
| 998 | # | # | |a KY |
| 900 | # | # | |a True |
| 911 | # | # | |a Đào Thị Thu Huyền |
| 925 | # | # | |a G |
| 926 | # | # | |a A |
| 927 | # | # | |a SH |
| 980 | # | # | |a Thư viện Trường Đại học Đà Lạt |